|
|
|
|
| LEADER |
01524Cam#a2200277#a#4500 |
| 001 |
021872 |
| 005 |
20160721160039.0 |
| 008 |
100813s2007||||ag # ##b #100|0#spa#d |
| 040 |
|
|
|a AR-BeUNQ
|
| 082 |
0 |
4 |
|a 346.07
|2 21
|
| 111 |
2 |
|
|a Congreso Argentino de Derecho Societario
|c Córdoba)
|d 2007 :
|n (10a. :
|
| 245 |
0 |
2 |
|a X Congreso argentino de derecho societario ;
|b VI Congreso Iberoamericano de derecho societario y de la empresa.
|c [organizado por] Departamento de Derecho Comercial de la Facultad de Derecho y Ciencias Sociales de la Universidad Nacional de Córdoba, Instituto de la Empresa de la Academia Nacional de Derecho y Ciencias Sociales de Córdoba y la Fundación para el Estudio de la Empresa.
|n Tomo I /
|
| 260 |
|
|
|a Córdoba :
|b Fundación para el Estudio de la Empresa,
|c 2007.
|
| 300 |
|
|
|a xxi, 720 p. ;
|c 22 cm.
|
| 504 |
|
|
|a Incluye referencias bibliográficas.
|
| 650 |
|
7 |
|a Legislación comercial
|2 spines
|
| 650 |
|
7 |
|a Publicidad
|2 spines
|
| 650 |
|
7 |
|a Ley de sociedades
|2 toit
|
| 653 |
|
|
|a Derecho comercial
|
| 710 |
2 |
|
|a Fundación para el Estudio de la Empresa.
|
| 710 |
2 |
|
|a Universidad Nacional de Córdoba.
|b Faculta de Derecho y Ciencias Sociales.
|
| 710 |
2 |
|
|a Academia Nacional de Derecho y Ciencias Sociales de Córdoba.
|b Instituto de la Empresa.
|
| 711 |
2 |
|
|a Congreso Iberoamericano de Derecho Societario y de la empresa
|c Córdoba)
|d 2007 :
|n (6a. :
|
| 929 |
|
|
|a DONACION
|b Jorge Flores
|d 0,00
|e 20080219
|f PAT0022840
|g 946 Exp. 827-0387/98
|j 45217
|
| 942 |
|
|
|c LIB
|n 0
|
| 999 |
|
|
|c 21226
|d 96613
|